रायगड जिल्हा - महाराष्ट्र राज्य गॅझेटिअर. (Record no. 279746)

MARC details
000 -LEADER
fixed length control field 00921nam a2200181Ia 4500
008 - FIXED-LENGTH DATA ELEMENTS--GENERAL INFORMATION
fixed length control field 090630s9999 xx 000 0 und d
082 ## - DEWEY DECIMAL CLASSIFICATION NUMBER
Item number 27890
100 ## - MAIN ENTRY--PERSONAL NAME
Personal name संपा. चौधरी कि. का.
245 ## - TITLE STATEMENT
Title रायगड जिल्हा - महाराष्ट्र राज्य गॅझेटिअर.
Statement of responsibility, etc संपा. चौधरी कि. का.
260 ## - PUBLICATION, DISTRIBUTION, ETC. (IMPRINT)
Name of publisher, distributor, etc दर्शनिका विभाग - महाराष्ट्र शासन.
Date of publication, distribution, etc 1993
300 ## - PHYSICAL DESCRIPTION
Extent 938
600 ## - SUBJECT ADDED ENTRY--PERSONAL NAME
Personal name संपा. चौधरी कि. का.
630 ## - SUBJECT ADDED ENTRY--UNIFORM TITLE
Uniform title रायगड जिल्हा - महाराष्ट्र राज्य गॅझेटिअर.
655 ## - INDEX TERM--GENRE/FORM
Genre/form data or focus term इतर.
700 ## - ADDED ENTRY--PERSONAL NAME
Personal name संपा. चौधरी कि. का.
730 ## - ADDED ENTRY--UNIFORM TITLE
Uniform title रायगड जिल्हा - महाराष्ट्र राज्य गॅझेटिअर.
942 ## - ADDED ENTRY ELEMENTS (KOHA)
Koha item type Book
Holdings
Withdrawn status Lost status Damaged status Not for loan Home library Current library Date acquired Cost, normal purchase price Total Checkouts Full call number Barcode Date last seen Cost, replacement price Price effective from Koha item type
        Sarvajanik Wachanalaya Shrivardhan Sarvajanik Wachanalaya Shrivardhan   275.00   27890 SAWASHRI-27890 06/30/2009 275.00 06/30/2009 Book